000
00320nam a22001457a 4500
008
230906b ||||| |||| 00| 0 eng d
020
_a
9780872201965
041
_a
eng
080
_a
159.9
082
_a
159.9McG
100
_a
25
101
_a
PSI
245
_a
HOW TO DO THE RIGHT THING
_c
McGINN.C
942
_2
udc
_c
BK
999
_c
60254
_d
60254